Toponimia de la provincia de Cartago /
Збережено в:
| Автор: | |
|---|---|
| Формат: | Невідомо |
| Мова: | Spanish |
| Опубліковано: |
San José, Costa Rica :
Ministerio de Cultura Juventud y Deportes, Editorial de la Dirección de Publicaciones. Editorial de la Universidad de Costa Rica,
1995.
|
| Предмети: | |
| Теги: |
Додати тег
Немає тегів, Будьте першим, хто поставить тег для цього запису!
|
MARC
| LEADER | 000000000a22000000004500 | ||
|---|---|---|---|
| 001 | 002831 | ||
| 020 | |a 9977590082 | ||
| 041 | 0 | |a spa | |
| 082 | 0 | 4 | |a 910.014 |b G232t |
| 100 | 1 | |a Garita Hernández, Flor María | |
| 245 | 1 | 0 | |a Toponimia de la provincia de Cartago / |c Flor María Garita Hernández. |
| 260 | 1 | |a San José, Costa Rica : |b Ministerio de Cultura Juventud y Deportes, Editorial de la Dirección de Publicaciones. Editorial de la Universidad de Costa Rica, |c 1995. | |
| 300 | |a 170 páginas ; |c 28 cm. | ||
| 650 | 4 | |a CARTAGO | |
| 650 | 4 | |a NOMBRES GEOGRAFICOS | |
| 999 | |c 9183 |d 9183 | ||
| 942 | |c BK |h 910.014 G232t |2 z | ||
